[Event "40th Olympiad Open"]
[Site "Istanbul TUR"]
[Date "2012.08.29"]
[Round "2.33"]
[Board "3"]
[White "Li, Ruofan"]
[Black "Johannes Manyedi, Mabusela"]
[Result "1/2-1/2"]
[WhiteTitle "IM"]
[BlackTitle "IM"]
[WhiteElo "2419"]
[BlackElo "2306"]
[WhiteTeam "Singapore"]
[BlackTeam "South Africa"]
[WhiteFideId "8600643"]
[BlackFideId "14300702"]
[EventDate "2012.08.28"]

1. c4 c5 2. Nc3 Nc6 3. g3 g6 4. Bg2 Bg7 5. a3 d6 6. Rb1 a5 7. d3 e6 8. e4 Nge7
9. Nge2 Nd4 10. b4 axb4 11. axb4 Nxe2 12. Nxe2 b6 13. d4 cxb4 14. Rxb4 Nc6 15.
Rb1 Na5 16. Qa4+ Bd7 17. Qb4 Rc8 18. Qxb6 Qxb6 19. Rxb6 Nxc4 20. Rb4 O-O 21. O-O
f5 22. exf5 Rxf5 23. Bh3 Rf7 24. Rd1 e5 25. Bxd7 Rxd7 26. dxe5 Nxe5 27. Nd4 Nd3
28. Rxd3 Rxc1+ 29. Kg2 Bxd4 30. Rbxd4 Rc6 31. g4 Kg7 32. h4 h6 33. Kg3 Ra6 34.
Rd5 Rb6 35. g5 hxg5 36. hxg5 Ra6 37. R5d4 Ra5 38. f4 d5 39. Kg4 Rb5 40. Rd1 Rd8
41. Rc1 Rd7 42. Rc6 Rbb7 43. Re6 Re7 44. Rxe7+ Rxe7 45. Rxd5 Re3 46. Rd7+ Kg8
47. Rd1 Kf7 48. Rf1 Ra3 49. Rh1 Rb3 50. Rh7+ Kg8 51. Ra7 Rc3 52. Kh4 Rb3 53. Kg4
Rc3 54. Ra1 Rb3 55. Rf1 Kf7 56. Rf3 Rb1 57. Ra3 Rg1+ 58. Kf3 Rf1+ 59. Ke3 Re1+
60. Kf2 Rb1 61. Re3 Ra1 62. Kf3 Rf1+ 63. Ke4 Ke6 64. Re2 Ra1 65. Kf3+ Kf7 66.
Rd2 Rf1+ 67. Ke4 Re1+ 68. Kd5 Rf1 69. Rd4 Ra1 70. Kd6 Ra6+ 71. Ke5 Re6+ 72. Kd5
Re1 73. Rd2 Rf1 74. Rd4 Ra1 75. Rb4 Rd1+ 76. Ke4 Re1+ 77. Kf3 Rf1+ 78. Ke2 Ra1
79. Rb7+ Ke6 80. Rb6+ Kf5 81. Rf6+ Kg4 82. Ke3 Re1+ 83. Kd4 Kh5 84. Kd5 Ra1 85.
Ke6 Ra6+ 86. Kf7 Ra7+ 87. Kg8 Ra8+ 88. Kg7 Ra7+ 89. Rf7 Ra6 90. Kh7 Rb6 91. Rg7
Ra6 92. Rb7 Rc6 93. Kg7 Ra6 94. Re7 Rb6 95. Kf7 1/2-1/2

[Event "40th Olympiad Open"]
[Site "Istanbul TUR"]
[Date "2012.08.29"]
[Round "2.33"]
[Board "4"]
[White "Cawdery, Daniel"]
[Black "Fernandez, Daniel Howard"]
[Result "1-0"]
[WhiteTitle "CM"]
[BlackTitle "IM"]
[WhiteElo "2284"]
[BlackElo "2370"]
[WhiteTeam "South Africa"]
[BlackTeam "Singapore"]
[WhiteFideId "14300249"]
[BlackFideId "5801605"]
[EventDate "2012.08.28"]

1. e4 e5 2. Nf3 Nf6 3. Nxe5 Nxe4 4. Qe2 Qe7 5. Qxe4 d6 6. d4 dxe5 7. dxe5 Nd7 8.
Nc3 Qxe5 9. Qxe5+ Nxe5 10. Bf4 Bd6 11. Bg3 Bf5 12. O-O-O O-O-O 13. Rd5 c6 14.
Rxd6 Rxd6 15. Bxe5 Re6 16. f4 f6 17. Be2 fxe5 18. g4 exf4 19. gxf5 Re3 20. Rf1
Rhe8 21. Kd2 Rd8+ 22. Bd3 Rh3 23. Rf2 Rh5 24. Ke1 Rd6 25. Kf1 Rdh6 26. Kg1 Rg5+
27. Kh1 Rg4 28. Ne2 Kc7 29. Nxf4 Kd6 30. Ng2 Ra4 31. a3 b5 32. Ne3 Ke7 33. Re2
Kf7 34. c4 Rh4 35. cxb5 cxb5 36. Bxb5 Rae4 37. Bc6 Re5 38. Bf3 Rf4 39. Kg2 g6
40. Kg3 Rd4 41. fxg6+ hxg6 42. Ng4 Rxe2 43. Bxe2 Ke6 44. b3 Kf5 45. h3 Rd2 46.
Bc4 Rd4 47. a4 Rd8 48. Ne3+ Ke4 49. Nd5 Rf8 50. Ne7 Rf6 51. Kg4 Rf2 52. Nxg6
Rg2+ 53. Kh5 Rg3 54. Be6 Kd4 55. h4 Re3 56. Bc4 Ke4 57. Kg5 Rg3+ 58. Kf6 Rh3 59.
Be6 Rh2 60. Kg5 Rg2+ 61. Bg4 Rb2 62. h5 Rxb3 63. h6 Rb7 64. Bf5+ Kd4 65. Nf8 Rb8
66. Nd7 Rd8 67. h7 Kc3 68. Kf6 Rh8 69. Kg7 Rxh7+ 70. Kxh7 Kb3 71. a5 a6 72. Nb8
Kc4 73. Nc6 Kd5 74. Bd7 Kd6 75. Be8 1-0

[Event "40th Olympiad Open"]
[Site "Istanbul TUR"]
[Date "2012.08.29"]
[Round "2.34"]
[Board "2"]
[White "Batchuluun, Tsegmed"]
[Black "Omar, Noaman"]
[Result "1-0"]
[WhiteTitle "GM"]
[BlackTitle "IM"]
[WhiteElo "2493"]
[BlackElo "2322"]
[WhiteTeam "Mongolia"]
[BlackTeam "United Arab Emirates"]
[WhiteFideId "4900847"]
[BlackFideId "9300244"]
[EventDate "2012.08.28"]

1. d4 d5 2. c4 e6 3. Nf3 Nf6 4. g3 dxc4 5. Bg2 c5 6. O-O Nc6 7. Qa4 Bd7 8. Qxc4
cxd4 9. Nxd4 Rc8 10. Nc3 Nxd4 11. Qxd4 Bc5 12. Qh4 O-O 13. Bxb7 Rb8 14. Bg2 Rb4
15. Qg5 Qb6 16. a3 Rc4 17. Qd2 Bc6 18. Bxc6 Rd8 19. Na4 Qc7 20. Qe1 Qxc6 21.
Nxc5 Rxc5 22. Be3 Rc2 23. Rc1 Rc8 24. Rxc2 Qxc2 25. Qd2 a5 26. Rc1 Qxc1+ 27.
Qxc1 Rxc1+ 28. Bxc1 a4 29. f3 Kf8 30. Kf2 Nd7 31. Ke3 Nc5 32. Bd2 Nb3 33. Kd3
Ke7 34. Be3 Na1 35. Kc4 Kd6 36. Kb5 Kd5 1-0

[Event "40th Olympiad Open"]
[Site "Istanbul TUR"]
[Date "2012.08.29"]
[Round "2.34"]
[Board "3"]
[White "AlHuwar, Jasem"]
[Black "Munkhgal, Gombosuren"]
[Result "1/2-1/2"]
[WhiteTitle "FM"]
[BlackTitle "FM"]
[WhiteElo "2285"]
[BlackElo "2394"]
[WhiteTeam "United Arab Emirates"]
[BlackTeam "Mongolia"]
[WhiteFideId "9300465"]
[BlackFideId "4901266"]
[EventDate "2012.08.28"]

1. Nf3 Nf6 2. g3 b5 3. Bg2 Bb7 4. Na3 a6 5. c4 e5 6. b3 e4 7. Nh4 d5 8. cxd5
Qxd5 9. Nc2 Nc6 10. Bb2 Qe6 11. Ne3 Rd8 12. Rc1 Bb4 13. Rc2 Ne7 14. Qa1 O-O 15.
Bxf6 gxf6 16. O-O Rd7 17. Qb2 Rfd8 18. Rd1 Bd6 19. b4 Be5 20. Qa3 Bd4 21. Rdc1
Bb6 22. Qb2 Rd4 23. a3 Bc8 24. Nf1 Ng6 25. Nxg6 hxg6 26. Rc6 R4d6 27. Qc2 Bb7
28. Rxd6 cxd6 29. Qb2 d5 30. d4 exd3 31. exd3 Qe5 32. Qd2 Re8 33. Ne3 Bd4 34.
Ng4 Qd6 35. Ne3 f5 36. Nc2 Bb2 37. Rb1 Bf6 38. Na1 Bc8 39. Nb3 d4 40. Nc5 a5 41.
Qa2 axb4 42. axb4 Kg7 43. Qd5 Qe7 44. Bf3 f4 45. g4 Rd8 46. Qc6 Bh4 47. Rf1 Rh8
48. Qe4 1/2-1/2

[Event "40th Olympiad Open"]
[Site "Istanbul TUR"]
[Date "2012.08.29"]
[Round "2.34"]
[Board "4"]
[White "Gunbayar, Myagmarsuren"]
[Black "Faisal, Abdulla"]
[Result "1/2-1/2"]
[WhiteTitle "FM"]
[BlackTitle "CM"]
[WhiteElo "2358"]
[BlackElo "2245"]
[WhiteTeam "Mongolia"]
[BlackTeam "United Arab Emirates"]
[WhiteFideId "4900766"]
[BlackFideId "9301232"]
[EventDate "2012.08.28"]

1. e4 c5 2. Nf3 e6 3. d4 cxd4 4. Nxd4 a6 5. Bd3 g6 6. O-O Bg7 7. Nb3 Nc6 8. Nc3
Nge7 9. f4 d6 10. Qf3 O-O 11. Kh1 f5 12. Bd2 Bd7 13. Rae1 Qc7 14. exf5 Nxf5 15.
Ne4 Rae8 16. c3 b5 17. Ng5 h6 18. Ne4 e5 19. Ng3 Nfe7 20. Qd1 Nf5 21. Bxf5 Bxf5
22. fxe5 Rxe5 23. Bf4 Rxe1 24. Rxe1 Ne5 25. Qd5+ Kh7 26. Nd4 Bc8 27. Bxe5 Bxe5
28. Ne6 Bxe6 29. Qxe6 Qc4 30. Qxc4 bxc4 31. Kg1 Bxg3 32. hxg3 Rb8 33. Re2 Kg7
34. Rf2 Rb5 35. Rd2 Rb6 36. Rf2 Rb5 37. Kf1 Rf5 38. Rxf5 gxf5 39. Kf2 Kf6 40.
Ke3 Ke5 41. b4 cxb3 42. axb3 d5 43. b4 h5 44. Kf3 Ke6 45. Kf4 Kf6 46. Ke3 Ke5
47. Kf3 Ke6 48. Ke2 Ke5 49. Ke3 1/2-1/2

[Event "40th Olympiad Open"]
[Site "Istanbul TUR"]
[Date "2012.08.29"]
[Round "2.35"]
[Board "1"]
[White "Van Wely, Loek"]
[Black "Iturrizaga, Eduardo"]
[Result "1/2-1/2"]
[WhiteTitle "GM"]
[BlackTitle "GM"]
[WhiteElo "2691"]
[BlackElo "2627"]
[WhiteTeam "Netherlands"]
[BlackTeam "Venezuela"]
[WhiteFideId "1000268"]
[BlackFideId "3901211"]
[EventDate "2012.08.28"]

1. Nf3 c5 2. c4 g6 3. d4 cxd4 4. Nxd4 Nc6 5. e4 Nf6 6. Nc3 Nxd4 7. Qxd4 d6 8. f3
Bg7 9. Be3 O-O 10. Qd2 a5 11. b3 Be6 12. Rb1 Nd7 13. Be2 Nc5 14. O-O Qb6 15.
Rfc1 Rfc8 16. Kh1 Qb4 17. Bg5 a4 18. Bxe7 axb3 19. axb3 Nxb3 20. Qc2 Nd4 21. Qd1
Qc5 22. Bf1 Qe5 23. Nb5 Rc6 24. Nxd4 Qxd4 25. Qxd4 Bxd4 26. Rxb7 Kg7 27. Bg5 Ra4
28. h3 Bxc4 29. Rbb1 d5 30. exd5 Bxd5 31. Rd1 Rb6 32. Bb5 Ra5 33. Bd8 Rbxb5 34.
Bxa5 Rxa5 35. Rxd4 h5 36. Rb6 Be6 37. Kh2 Ra2 38. Rdb4 Kf6 39. Kg3 Rc2 40. Rd4
Ra2 41. Rbb4 Rc2 42. Rb1 Ra2 43. Rbd1 Rb2 44. R1d2 Rb3 45. Rf4+ Kg7 46. Ra4 Kf6
47. h4 Rb1 48. Kf4 Rh1 49. Ke3 Rb1 50. Kd4 Rc1 51. Rb4 Rc8 52. Ke3 Rc3+ 53. Kf4
Rc1 54. Rd8 Rh1 55. g3 Rf1 56. Ke3 Rh1 57. Rdb8 Re1+ 58. Kf2 Rh1 59. R8b5 Rh2+
60. Ke3 Rc2 61. Kf4 Rc1 62. Ra5 Rf1 63. Ra6 Rf2 64. Ke3 Rg2 65. Kf4 Rf2 66. Rab6
Rc2 67. R6b5 Rc1 68. g4 hxg4 69. fxg4 Rf1+ 70. Ke3 Rh1 71. g5+ Kg7 72. Rc5 Rh3+
73. Kf2 Rb3 74. Re4 Rb8 75. Rc7 Rc8 76. Ra7 Kf8 77. Rd4 Rc2+ 78. Ke3 Rc3+ 79.
Kd2 Rc8 80. Rd6 Kg8 81. Ke3 Kf8 82. Kd3 Rc5 83. Rd8+ Kg7 84. Re8 Bf5+ 85. Kd4
Rc8 86. Ree7 Rf8 87. Ke5 Bg4 88. Kf4 Bd1 89. Rab7 Bh5 90. Rbd7 Kg8 91. Re4 Kg7
92. Ke3 Ra8 93. Rf4 Rf8 94. Kd2 Kg8 95. Rdd4 Kg7 96. Rf2 Ra8 97. Kc3 Rc8+ 98.
Kb4 Rb8+ 99. Kc5 Rc8+ 100. Kb6 Re8 101. Kc7 Kf8 102. Kd7 Re7+ 103. Kd6 Re6+ 104.
Kd5 Re7 105. Kc5 Re5+ 106. Kb4 Re8 107. Rff4 Rb8+ 108. Kc5 Rc8+ 109. Kb6 Re8
110. Kc6 Re6+ 111. Rd6 Rxd6+ 112. Kxd6 Be2 113. Rb4 Bf3 114. Rc4 Be2 115. Rc8+
Kg7 116. Ke7 Bg4 117. Rc6 Bf3 118. Rd6 Be2 119. Rd4 Bf3 120. Ke8 Bc6+ 121. Ke7
Bf3 122. Rf4 Bd5 1/2-1/2

[Event "40th Olympiad Open"]
[Site "Istanbul TUR"]
[Date "2012.08.29"]
[Round "2.35"]
[Board "2"]
[White "Prasca Sosa, Rafael"]
[Black "Sokolov, Ivan"]
[Result "1/2-1/2"]
[WhiteTitle "IM"]
[BlackTitle "GM"]
[WhiteElo "2415"]
[BlackElo "2696"]
[WhiteTeam "Venezuela"]
[BlackTeam "Netherlands"]
[WhiteFideId "3900819"]
[BlackFideId "14400030"]
[EventDate "2012.08.28"]

1. e4 e5 2. Nf3 Nc6 3. Nc3 Nf6 4. Bb5 d6 5. d4 exd4 6. Nxd4 Bd7 7. O-O Be7 8.
Nf5 Bxf5 9. exf5 O-O 10. Nd5 Nxd5 11. Qxd5 Ne5 12. Be2 c6 13. Qb3 Qc7 14. Bf4
Bf6 15. Rad1 b5 16. g4 h6 17. Qg3 Qe7 18. Bc1 d5 19. f4 Nd7 20. Bf3 Bh4 21. Qh3
Rae8 22. Kh1 Nc5 23. Rd2 Ne4 24. Rg2 g5 25. fxg6 fxg6 26. Bxe4 dxe4 27. Qb3+ Kh7
28. Be3 Rd8 29. Qc3 Qf6 30. Qxf6 Bxf6 31. b3 a5 32. Re2 Bc3 33. Kg2 Rd5 34. Bc1
Re8 35. h3 b4 36. Rh1 Kg7 37. Rf1 Re7 38. Rh1 c5 39. Be3 a4 40. Rf1 a3 41. Rb1
Kf7 42. Rf1 Re6 43. f5 gxf5 44. Ref2 Rf6 45. Rxf5 Rfxf5 46. Rxf5+ Rxf5 47. gxf5
h5 48. Bxc5 Kf6 49. Kf2 Kxf5 50. Ke2 Ke5 51. Be7 Ke6 1/2-1/2

[Event "40th Olympiad Open"]
[Site "Istanbul TUR"]
[Date "2012.08.29"]
[Round "2.35"]
[Board "4"]
[White "Ostos, Julio"]
[Black "Stellwagen, Daniel"]
[Result "1/2-1/2"]
[WhiteTitle "IM"]
[BlackTitle "GM"]
[WhiteElo "2345"]
[BlackElo "2630"]
[WhiteTeam "Venezuela"]
[BlackTeam "Netherlands"]
[WhiteFideId "3900053"]
[BlackFideId "1006673"]
[EventDate "2012.08.28"]

1. e4 c6 2. d4 d5 3. e5 Bf5 4. Nf3 e6 5. Be2 c5 6. O-O Nc6 7. c3 cxd4 8. Nxd4
Nxd4 9. cxd4 Ne7 10. b4 Nc6 11. b5 Na5 12. Qa4 Be7 13. Ba3 b6 14. Rc1 O-O 15.
Nd2 Qd7 16. Nb3 Bxa3 17. Qxa3 Nc4 18. Qb4 a5 19. bxa6 Rxa6 20. Bxc4 dxc4 21.
Rxc4 Be4 22. Rac1 h6 23. Rc7 Qd8 24. a4 Qa8 25. f3 Bd5 26. Nd2 Rxa4 27. Qxb6 Rb8
28. Qxb8+ Qxb8 29. Rc8+ Qxc8 30. Rxc8+ Kh7 31. Rd8 Rxd4 32. Ne4 Kg6 33. Nd6 Ra4
34. Rd7 f6 35. Ne8 Kf5 36. exf6 gxf6 37. Rf7 Ra8 38. Nc7 Ra7 39. Rg7 Ra2 40. Rg4
Rc2 41. Nb5 e5 42. Rh4 Ke6 43. Rxh6 Rc5 44. Na7 Rc1+ 45. Kf2 Rc2+ 46. Kg1 Rc7
47. Nb5 Rc5 48. Na7 Rc1+ 49. Kf2 Rc2+ 50. Kg1 Rc1+ 1/2-1/2

[Event "40th Olympiad Open"]
[Site "Istanbul TUR"]
[Date "2012.08.29"]
[Round "2.37"]
[Board "4"]
[White "Seitaj, Ilir"]
[Black "Avrukh, Boris"]
[Result "1/2-1/2"]
[WhiteTitle "IM"]
[BlackTitle "GM"]
[WhiteElo "2400"]
[BlackElo "2605"]
[WhiteTeam "Albania"]
[BlackTeam "Israel"]
[WhiteFideId "4700031"]
[BlackFideId "2803895"]
[EventDate "2012.08.28"]

1. e4 c5 2. Nf3 d6 3. c3 Nf6 4. Bb5+ Nbd7 5. d3 a6 6. Bxd7+ Bxd7 7. O-O g6 8.
Re1 Bc6 9. Bg5 Bg7 10. Nbd2 h6 11. Bh4 O-O 12. e5 dxe5 13. Nxe5 Rc8 14. Nxc6
Rxc6 15. Nf3 Nd5 16. Bg3 b5 17. Qc2 e6 18. a4 b4 19. Be5 f6 20. Bg3 Qd7 21. d4
bxc3 22. bxc3 Qf7 23. c4 Nb4 24. Qb3 a5 25. Rad1 Rd8 26. Bf4 Rcc8 27. Be3 Bf8
28. dxc5 e5 29. h4 e4 30. Rxd8 Rxd8 31. Nd2 f5 32. g3 Qc7 33. Qb1 Nd3 34. Rd1
Rb8 35. Qa1 Bxc5 36. Nf1 Bf8 37. Qf6 Qd6 38. Qxd6 Bxd6 39. Bxh6 Rb4 40. Ra1 Be5
41. Ra2 Rxc4 42. Bd2 Nb4 43. Ra3 Rc2 44. Rb3 Bd6 45. Rc3 Ra2 46. Rc8+ Kf7 47.
Rd8 Bc5 48. Rd7+ Kf6 49. Be3 Bxe3 50. Nxe3 Nd3 51. h5 gxh5 52. Rd6+ Kg5 53. Rd5
Rxf2 54. Rxd3 Rf3 55. Rc3 Rxg3+ 56. Kf2 h4 57. Rc8 Rf3+ 58. Ke2 h3 59. Rh8 Kf4
60. Nd5+ Ke5 61. Ne3 Kd4 62. Nd1 Ra3 63. Nf2 Ra2+ 64. Kf1 Rxa4 65. Nxh3 Ra2 66.
Rf8 Rh2 67. Rxf5 Rxh3 68. Rxa5 Rb3 69. Ra8 Ke3 70. Re8 Rb1+ 71. Kg2 Kd3 72. Kf2
Rb2+ 73. Ke1 Ke3 74. Kf1 Rf2+ 75. Ke1 Rh2 76. Kf1 Rh1+ 77. Kg2 Rd1 78. Re7 Re1
79. Ra7 Rc1 80. Re7 Kd3 81. Kf2 Rc2+ 82. Ke1 Rh2 83. Re8 Ra2 84. Re7 Ke3 85. Kf1
Ra1+ 86. Kg2 Rd1 87. Re8 Kd3 88. Kf2 Rd2+ 89. Ke1 Rb2 90. Re7 Ke3 91. Kf1 Rb8
92. Re6 Rb1+ 93. Kg2 Rd1 94. Re8 Rd6 95. Kf1 Rf6+ 96. Ke1 Kf3 97. Kf1 Ra6 98.
Rf8+ Ke3 99. Re8 Ra3 100. Re7 Kd4 1/2-1/2

[Event "40th Olympiad Open"]
[Site "Istanbul TUR"]
[Date "2012.08.29"]
[Round "2.38"]
[Board "1"]
[White "Bachmann, Axel"]
[Black "Lenic, Luka"]
[Result "1/2-1/2"]
[WhiteTitle "GM"]
[BlackTitle "GM"]
[WhiteElo "2533"]
[BlackElo "2640"]
[WhiteTeam "Paraguay"]
[BlackTeam "Slovenia"]
[WhiteFideId "3700488"]
[BlackFideId "14603853"]
[EventDate "2012.08.28"]

1. d4 Nf6 2. c4 b6 3. Nc3 Bb7 4. d5 e6 5. a3 Bd6 6. Nf3 O-O 7. e4 Re8 8. Be2 e5
9. O-O a5 10. Qc2 h6 11. g3 Bc5 12. Rb1 Na6 13. Nh4 c6 14. Nf5 d6 15. dxc6 Bxc6
16. Rd1 Rc8 17. Be3 Re6 18. f3 g6 19. Nxh6+ Kg7 20. Qd2 Qh8 21. Ng4 Nxg4 22.
fxg4 Qh6 23. g5 Qxg5 24. Bxc5 Qxd2 25. Rxd2 Nxc5 26. Bg4 Nxe4 27. Nxe4 Bxe4 28.
Bxe6 fxe6 29. Re1 d5 30. cxd5 exd5 31. Rf2 Rc7 32. g4 Re7 33. h4 Re6 34. Ref1
Re7 35. Re1 Re6 36. Ref1 Re7 37. Re1 1/2-1/2

[Event "40th Olympiad Open"]
[Site "Istanbul TUR"]
[Date "2012.08.29"]
[Round "2.38"]
[Board "3"]
[White "Vazquez, Guillermo"]
[Black "Sebenik, Matej"]
[Result "0-1"]
[WhiteTitle "FM"]
[BlackTitle "GM"]
[WhiteElo "2323"]
[BlackElo "2552"]
[WhiteTeam "Paraguay"]
[BlackTeam "Slovenia"]
[WhiteFideId "3702308"]
[BlackFideId "14602296"]
[EventDate "2012.08.28"]

1. e4 e6 2. d4 d5 3. Nd2 c5 4. Ngf3 Nf6 5. e5 Nfd7 6. c3 Nc6 7. Bd3 g6 8. h4 h6
9. O-O Qb6 10. dxc5 Qc7 11. Re1 Ncxe5 12. Bb5 Qxc5 13. Nd4 Bg7 14. N2b3 Qb6 15.
Be3 Qd8 16. f4 Nc4 17. h5 O-O 18. hxg6 Ndb6 19. Bc1 fxg6 20. Nc5 Qd6 21. Ncxe6
Bxe6 22. Nxe6 Rf6 23. Nxg7 Qc5+ 24. Kh2 Qxb5 25. Qd4 Qc6 26. Re7 Raf8 27. b3 Qd6
28. Re5 Nxe5 29. fxe5 Qc7 30. Bxh6 g5 31. Bxg5 Rg6 0-1

[Event "40th Olympiad Open"]
[Site "Istanbul TUR"]
[Date "2012.08.29"]
[Round "2.40"]
[Board "1"]
[White "Efimov, Igor"]
[Black "Mok, Tze-Meng"]
[Result "1-0"]
[WhiteTitle "GM"]
[BlackTitle "IM"]
[WhiteElo "2416"]
[BlackElo "2354"]
[WhiteTeam "Monaco"]
[BlackTeam "Malaysia"]
[WhiteFideId "806404"]
[BlackFideId "5700329"]
[EventDate "2012.08.28"]

1. d4 g6 2. g3 Bg7 3. Bg2 c5 4. c3 cxd4 5. cxd4 Qb6 6. e3 Nf6 7. Nc3 O-O 8. Nge2
d6 9. O-O Nc6 10. b3 Bd7 11. Bb2 Rfc8 12. Qd2 a5 13. h3 Nb4 14. Rfc1 Bc6 15. e4
e5 16. d5 Be8 17. Bf1 h5 18. Kg2 Kh7 19. Ng1 Bh6 20. Qe2 h4 21. g4 Bxc1 22. Rxc1
Kg7 23. Nf3 Qd8 24. Qe3 Nh7 25. Bc4 b5 26. Be2 Rab8 27. a3 Na6 28. a4 b4 29.
Bxa6 bxc3 30. Bxc3 Rxc3 31. Rxc3 g5 32. Qc1 Qb6 33. Bc8 f6 34. Rc7+ Kh8 35. Bf5
Nf8 36. Nxg5 Ng6 37. Ne6 Nf4+ 38. Nxf4 exf4 39. Rh7+ Kg8 40. Qxf4 1-0

[Event "40th Olympiad Open"]
[Site "Istanbul TUR"]
[Date "2012.08.29"]
[Round "2.40"]
[Board "2"]
[White "Lim, Yee-Weng"]
[Black "Villegas, Pierre"]
[Result "1-0"]
[WhiteTitle "IM"]
[WhiteElo "2287"]
[BlackElo "2249"]
[WhiteTeam "Malaysia"]
[BlackTeam "Monaco"]
[WhiteFideId "5700590"]
[BlackFideId "654183"]
[EventDate "2012.08.28"]

1. e4 c6 2. Nc3 d5 3. Nf3 Bg4 4. d4 Nf6 5. e5 Nfd7 6. h3 Bxf3 7. Qxf3 e6 8. Bf4
b5 9. Bd3 b4 10. Ne2 c5 11. c3 bxc3 12. bxc3 cxd4 13. Nxd4 Nb6 14. O-O Bc5 15.
Qg4 Kf8 16. Bg5 Be7 17. f4 g6 18. Bh6+ Ke8 19. Kh1 Kd7 20. c4 Nc6 21. Nxc6 Kxc6
22. cxd5+ exd5 23. Qe2 Rb8 24. Ba6 Na4 25. Qc2+ Nc5 26. Be2 Qb6 27. Bf3 Qb2 28.
Qc4 Rhd8 29. Rfd1 Rb4 30. Bxd5+ Kc7 31. Qf1 Rd4 32. Rxd4 Qxd4 33. Rd1 Qa4 34. f5
gxf5 35. Bf4 Ne6 36. Rc1+ Nc5 37. e6+ Bd6 1-0

[Event "40th Olympiad Open"]
[Site "Istanbul TUR"]
[Date "2012.08.29"]
[Round "2.40"]
[Board "4"]
[White "Lim, Zhuo Ren"]
[Black "Nelis, Jean-Francois"]
[Result "1/2-1/2"]
[WhiteElo "2120"]
[BlackElo "2207"]
[WhiteTeam "Malaysia"]
[BlackTeam "Monaco"]
[WhiteFideId "5702488"]
[BlackFideId "623830"]
[EventDate "2012.08.28"]

1. Nf3 Nf6 2. c4 c5 3. g3 b6 4. Bg2 Bb7 5. O-O e6 6. Nc3 d6 7. b3 Be7 8. Bb2
Nbd7 9. Re1 O-O 10. e4 Qc7 11. d4 cxd4 12. Nxd4 a6 13. Rc1 Rac8 14. h3 Rfd8 15.
g4 h6 16. f4 Nf8 17. h4 d5 18. e5 dxc4 19. exf6 Rxd4 20. fxe7 Rxd1 21. exf8=Q+
Kxf8 22. Nxd1 Bxg2 23. Kxg2 Qxf4 24. Nf2 b5 25. Rc2 Qb8 26. Be5 Qa8+ 27. Kg3
cxb3 28. Rxc8+ Qxc8 29. axb3 a5 30. Rd1 f6 31. Bd6+ Kf7 32. Rd3 Qc6 33. h5 Qc2
34. Rf3 Qb1 35. Kg2 Qc2 36. Kg3 Qc6 37. Bf4 Qc2 38. Bd6 Qc6 39. Bf4 a4 40. bxa4
bxa4 41. Rd3 Qc4 42. Bd6 g6 43. hxg6+ Kxg6 44. Ba3 h5 45. gxh5+ Kxh5 46. Kg2 Kg6
47. Rg3+ Kf7 48. Rf3 Qd5 49. Bb2 Qg5+ 1/2-1/2

[Event "40th Olympiad Open"]
[Site "Istanbul TUR"]
[Date "2012.08.29"]
[Round "2.41"]
[Board "1"]
[White "Elliott, Warren"]
[Black "Haddouche, Mohamed"]
[Result "0-1"]
[WhiteTitle "FM"]
[BlackTitle "IM"]
[WhiteElo "2250"]
[BlackElo "2429"]
[WhiteTeam "Jamaica"]
[BlackTeam "Algeria"]
[WhiteFideId "7400179"]
[BlackFideId "7900660"]
[EventDate "2012.08.28"]

1. e4 e5 2. Nf3 Nc6 3. Bc4 Bc5 4. d3 d6 5. c3 Nf6 6. O-O a6 7. Bb3 Ba7 8. h3 h6
9. Re1 g5 10. Nh2 Rg8 11. Qf3 Qe7 12. g4 Nd8 13. Be3 Ne6 14. Bxa7 Rxa7 15. Bxe6
Qxe6 16. Nd2 h5 17. Qf5 Ra8 18. Qxe6+ Bxe6 19. f3 Nd7 20. Ndf1 Nf8 21. Ng3 hxg4
22. hxg4 Ng6 23. Nh5 Ke7 24. Nf1 Nf4 25. Nxf4 gxf4 26. Nd2 c5 27. b3 Rad8 28. c4
b5 29. Kf2 Rb8 30. Rh1 Bd7 31. Nb1 Bc6 32. Nc3 b4 33. Nd5+ Bxd5 34. cxd5 Rh8 35.
Kg2 Rxh1 36. Kxh1 a5 37. a4 bxa3 38. Rxa3 Kf6 39. Kg2 Rb5 40. Kf2 Kg5 41. Ke2
Kh4 42. Kf2 Rb4 43. Rxa5 Rxb3 44. Ra2 Rxd3 45. Ra6 Rd2+ 46. Ke1 Rb2 47. Rxd6 Kg3
48. g5 Kxf3 49. g6 fxg6 50. Rxg6 Kxe4 51. d6 Ke3 52. Kd1 Rd2+ 53. Kc1 Rd4 54.
Re6 e4 55. Re5 Rxd6 56. Rxc5 f3 0-1

[Event "40th Olympiad Open"]
[Site "Istanbul TUR"]
[Date "2012.08.29"]
[Round "2.41"]
[Board "2"]
[White "Oussedik, Mahfoud"]
[Black "Pitterson, Jomo"]
[Result "1-0"]
[WhiteTitle "CM"]
[BlackTitle "IM"]
[WhiteElo "2242"]
[BlackElo "2221"]
[WhiteTeam "Algeria"]
[BlackTeam "Jamaica"]
[WhiteFideId "7901810"]
[BlackFideId "7400110"]
[EventDate "2012.08.28"]

1. b3 e5 2. Bb2 Nc6 3. g3 Nf6 4. Bg2 d6 5. c4 g6 6. Nf3 Bg7 7. O-O O-O 8. Nc3 h6
9. d3 Be6 10. e3 Qd7 11. d4 exd4 12. exd4 Bh3 13. d5 Bxg2 14. Kxg2 Ne7 15. Re1
Rfe8 16. Qd3 Nf5 17. Nd4 Nxd4 18. Qxd4 Ng4 19. Qd2 g5 20. Nb5 Bxb2 21. Qxb2 Ne5
22. Qc2 Ng6 23. h3 Re7 24. Rxe7 Qxe7 25. Qc3 Re8 26. Nd4 a6 27. Nf3 Qd7 28. Qf6
Qe7 29. Qc3 Qd7 30. Re1 Rxe1 31. Qxe1 Qe7 32. Qxe7 Nxe7 33. Nd4 Kg7 34. Kf3 Kf6
35. Ke4 h5 36. a4 b6 37. b4 Ng6 38. Nc6 Nf8 39. Nb8 a5 40. bxa5 bxa5 41. Kd4 Kf5
42. Na6 Nd7 43. Nxc7 Nc5 44. Ne8 Nb7 45. Nc7 Nc5 46. Nb5 Nb7 47. Ke3 Ke5 48. Nd4
Kf6 49. Nb3 Ke5 50. f3 Kf5 51. Kd4 h4 52. gxh4 gxh4 53. Ke3 Kg5 54. Ke4 f6 55.
Ke3 f5 56. f4+ Kf6 57. Kd4 Ke7 58. c5 dxc5+ 59. Nxc5 Nd6 60. Nb3 Ne4 61. Ke5 Nf2
62. d6+ Kd8 63. Nd4 Nxh3 64. Nxf5 Nf2 65. Nxh4 Nd3+ 66. Ke4 Nc5+ 67. Kd5 Nxa4
68. Kc6 Nb2 69. Nf3 Nd3 70. Ne5 Nb4+ 71. Kc5 Na6+ 72. Kb5 Nb4 73. Kxa5 Nd5 74.
f5 Nf6 75. Kb5 Ne4 76. Kc6 Nf6 77. Kc5 Ke8 78. Nc4 Kd7 79. Nb6+ Kd8 80. Kd4 Ke8
81. Ke5 Nh7 82. Ke4 1-0

[Event "40th Olympiad Open"]
[Site "Istanbul TUR"]
[Date "2012.08.29"]
[Round "2.43"]
[Board "2"]
[White "Gemy, Jose Daniel"]
[Black "Kananub, Warot"]
[Result "1-0"]
[WhiteTitle "FM"]
[WhiteElo "2345"]
[BlackElo "2139"]
[WhiteTeam "Bolivia"]
[BlackTeam "Thailand"]
[WhiteFideId "3301478"]
[BlackFideId "6201601"]
[EventDate "2012.08.28"]

1. d4 Nf6 2. c4 e6 3. Nf3 b6 4. g3 Bb7 5. Bg2 Bb4+ 6. Nbd2 Ne4 7. O-O Nxd2 8.
Bxd2 Bxd2 9. Qxd2 d6 10. Rfe1 Nd7 11. e4 O-O 12. Rad1 e5 13. b3 exd4 14. Nxd4
Re8 15. f3 Nc5 16. h4 Qf6 17. Nf5 Rad8 18. g4 Ne6 19. f4 Qg6 20. Bf3 h5 21. g5
Nc5 22. Ng3 Qe6 23. b4 Qh3 24. Qf2 Na6 25. Nxh5 Nxb4 26. Qb2 f6 27. gxf6 Rd7 28.
Qg2 Qxg2+ 29. Bxg2 g6 30. Ng3 Rh7 31. e5 Bxg2 32. Kxg2 Kf7 33. Ne4 Rxh4 34. e6+ 1-0